[Event "Amber Blindfold"]
[Site "Monaco MNC"]
[Date "2002.03.16"]
[Round "1"]
[White "Van Wely,L"]
[Black "Ivanchuk,V"]
[Result "1/2-1/2"]
[WhiteElo "2697"]
[BlackElo "2717"]
[EventDate "2002.03.16"]

1. d4 e6 2. c4 Nf6 3. Nf3 b6 4. a3 Bb7 5. Nc3 Ne4 6. Nxe4 Bxe4 7. e3 Be7 8.
Bd3 Bxd3 9. Qxd3 d6 10. O-O O-O 11. b4 Nd7 12. Bb2 Qc8 13. e4 a5 14. b5 Qb7
15. Rfe1 Rad8 16. h4 e5 17. Rad1 exd4 18. Nxd4 Bf6 19. g3 Rfe8 20. Qc2 Bxd4
21. Rxd4 Re7 22. Rd5 Rde8 23. f3 Qc8 24. Kg2 Ne5 25. Bxe5 1/2-1/2

[Event "Amber Blindfold"]
[Site "Monaco MNC"]
[Date "2002.03.17"]
[Round "2"]
[White "Bareev,E"]
[Black "Van Wely,L"]
[Result "1/2-1/2"]
[WhiteElo "2707"]
[BlackElo "2697"]
[EventDate "2002.03.16"]

1. c4 Nf6 2. Nc3 e5 3. Nf3 Nc6 4. g3 Nd4 5. Bg2 Nxf3+ 6. Bxf3 Bb4 7. Qb3
Bc5 8. O-O O-O 9. d3 h6 10. Bd2 Re8 11. Rac1 c6 12. Rfd1 Bf8 13. Qa4 d5 14.
cxd5 cxd5 15. Qb3 Be6 16. Qxb7 Rb8 17. Qxa7 Re7 18. Qa4 Rxb2 19. Rb1 Reb7
20. Be1 Qb8 21. Rxb2 Rxb2 22. Ra1 d4 23. Ne4 Nxe4 24. dxe4 g5 25. g4 Rb1
26. Rxb1 Qxb1 27. Qa5 Bxa2 28. Kf1 d3 29. exd3 Qxd3+ 30. Kg2 Bc4 31. h3 Ba3
32. Qc3 Qf1+ 33. Kh2 Bb2 34. Qxb2 Qxe1 35. Bg2 Be6 1/2-1/2

[Event "Amber Blindfold"]
[Site "Monaco MNC"]
[Date "2002.03.17"]
[Round "2"]
[White "Ivanchuk,V"]
[Black "Shirov,A"]
[Result "1/2-1/2"]
[WhiteElo "2717"]
[BlackElo "2715"]
[EventDate "2002.03.16"]

1. e4 c5 2. Nf3 d6 3. d4 cxd4 4. Nxd4 Nf6 5. Nc3 e6 6. f4 Be7 7. Qf3 O-O 8.
Be3 e5 9. Nb3 exf4 10. Bxf4 Nc6 11. Be2 Ne5 12. Qe3 Nfg4 13. Bxg4 Bxg4 14.
Nd5 Bh4+ 15. g3 Bf6 16. h3 Nc4 17. Nxf6+ Qxf6 18. Qd4 Bf3 19. Qxf6 gxf6 20.
O-O Bxe4 21. Nd2 Nxd2 22. Bxd2 f5 23. c3 f6 24. Rad1 Kf7 25. Be3 d5 26. Rd4
Rfc8 27. Rb4 b6 28. Rd1 Ke6 29. Kf2 Rc4 30. Rxc4 dxc4 31. Rd4 Rc8 32. Ke1
h5 33. h4 b5 34. Kd2 a5 35. a3 Bd5 36. Bf4 Rc6 37. Kc1 Rb6 38. Bd2 Rb7 39.
Kd1 Be4 40. Ke2 Bd5 41. Kf2 Kd6 42. Bf4+ Kc6 43. Bd2 Re7 44. Be3 Re8 45.
Bf4 Re6 46. Be3 1/2-1/2

[Event "Amber Blindfold"]
[Site "Monaco MNC"]
[Date "2002.03.17"]
[Round "2"]
[White "Leko,P"]
[Black "Almasi,Z"]
[Result "1-0"]
[WhiteElo "2713"]
[BlackElo "2644"]
[EventDate "2002.03.16"]

1. e4 e5 2. Nf3 Nc6 3. Bb5 a6 4. Ba4 Nf6 5. O-O Be7 6. Re1 b5 7. Bb3 d6 8.
c3 O-O 9. h3 Re8 10. d4 Bb7 11. Nbd2 Bf8 12. a4 h6 13. Bc2 exd4 14. cxd4
Nb4 15. Bb1 c5 16. d5 Nd7 17. Ra3 f5 18. Nh2 Nf6 19. Rf3 Re5 20. Rxf5 Rxf5
21. exf5 Bxd5 22. Ng4 Bf7 23. Ne4 Nxg4 24. Qxg4 d5 25. f6 h5 26. Qf5 Qc8
27. Qxc8 Rxc8 28. fxg7 Bxg7 29. Nd6 Rd8 30. Nb7 Rc8 31. axb5 axb5 32. Bf5
Rc6 33. Nd8 Rd6 34. Nxf7 Kxf7 35. g4 hxg4 36. hxg4 c4 37. Bf4 Rf6 38. Bg5
d4 39. Bxf6 Bxf6 40. Ra1 d3 41. Ra7+ Ke8 42. Bd7+ Kf8 43. Bxb5 d2 44. Ba4
Nd3 45. Bc2 Bxb2 46. Kf1 Bd4 47. Rd7 Bxf2 48. Ke2 Ne5 49. Rxd2 Bg3 50. Bf5
Kg7 51. Ke3 Kf6 52. Rg2 Bh4 53. Kf4 Bg5+ 54. Ke4 c3 55. Ra2 Nf7 56. Ra6+
Ke7 57. Re6+ Kf8 58. Kd5 Bd2 59. Rc6 Kg7 60. Bc2 Nd8 61. Rd6 Nf7 62. Rg6+
Kf8 63. Bb3 Ke7 64. Re6+ Kf8 65. Rc6 Ke7 66. Ke4 Ng5+ 67. Kd5 Nf7 68. Bc2
Kf8 69. Bg6 Ng5 70. Rc7 Kg8 71. Bf5 Kf8 72. Ke5 Nf3+ 73. Kf6 Bg5+ 74. Kg6
Bd2 75. Be4 Ne5+ 76. Kf5 Nf7 77. Kf6 Nd6 78. Bg6 1-0

[Event "Amber Blindfold"]
[Site "Monaco MNC"]
[Date "2002.03.18"]
[Round "3"]
[White "Ivanchuk,V"]
[Black "Bareev,E"]
[Result "0-1"]
[WhiteElo "2717"]
[BlackElo "2707"]
[EventDate "2002.03.16"]

1. d4 d5 2. c4 c6 3. Nf3 Nf6 4. Qc2 dxc4 5. Qxc4 Bf5 6. g3 e6 7. Bg2 Be7 8.
Nc3 Nbd7 9. O-O O-O 10. Re1 Ne4 11. Qb3 Qb6 12. Nh4 Bxh4 13. gxh4 Nxc3 14.
Qxc3 Bg6 15. Bf4 Rfe8 16. Rad1 f6 17. e4 e5 18. Be3 Qc7 19. d5 Bf7 20. Bh3
Rad8 21. b4 a6 22. a4 h5 23. f3 Nb8 24. b5 axb5 25. axb5 Rd6 26. Qc5 Qd8
27. Kf2 cxd5 28. Qc7 Qxc7 0-1

[Event "Amber Blindfold"]
[Site "Monaco MNC"]
[Date "2002.03.18"]
[Round "3"]
[White "Van Wely,L"]
[Black "Piket,Je"]
[Result "1/2-1/2"]
[WhiteElo "2697"]
[BlackElo "2659"]
[EventDate "2002.03.16"]

1. Nf3 g6 2. d4 Bg7 3. c4 d6 4. Nc3 Bg4 5. g3 Bxf3 6. exf3 e6 7. d5 Ne7 8.
h4 Nd7 9. dxe6 fxe6 10. h5 Nc6 11. Ne4 Qe7 12. Bg5 Qf7 13. Bh3 h6 14. hxg6
Qxg6 15. Bh4 O-O 16. O-O Nd4 17. Nd2 Ne5 18. f4 Rxf4 19. Kh1 Rxh4 20. gxh4
Qf6 21. f4 Qxh4 22. Kh2 Rf8 23. Qe1 Rxf4 24. Qxh4 Rxh4 25. Kg3 Ng6 26. Nf3
Nxf3 27. Bxe6+ Kh8 28. Kxf3 Bxb2 29. Rab1 Rh2 30. Rf2 Rxf2+ 31. Kxf2 Bd4+
32. Kf3 Kg7 33. Rxb7 Kf6 34. Bd5 Bb6 35. Rb8 c6 36. Be4 Ne7 37. Re8 d5 38.
cxd5 cxd5 39. Rxe7 Kxe7 1/2-1/2

[Event "Amber Blindfold"]
[Site "Monaco MNC"]
[Date "2002.03.19"]
[Round "4"]
[White "Ljubojevic,L"]
[Black "Ivanchuk,V"]
[Result "1/2-1/2"]
[WhiteElo "2548"]
[BlackElo "2717"]
[EventDate "2002.03.16"]

1. c4 Nf6 2. Nc3 d5 3. cxd5 Nxd5 4. g3 e5 5. Bg2 Nb6 6. Nf3 Nc6 7. O-O Be7
8. a3 Be6 9. b4 f6 10. d3 O-O 11. Rb1 Nd4 12. Nd2 c6 13. Nde4 Rf7 14. Bd2
Rb8 15. a4 Nd5 16. e3 Nf5 17. Nc5 Bxc5 18. bxc5 Nxc3 19. Bxc3 Rd7 20. Qc2
Qe7 21. Ba1 Rbd8 22. Rfd1 h5 23. h3 Qf7 24. Kh2 Kh8 25. Bc3 Ne7 26. Ba5 Rf8
27. Rb2 h4 28. g4 Bd5 29. e4 Be6 30. f4 exf4 31. d4 Bc4 32. Qf2 g5 33. Rdb1
Ng6 34. Bc3 Kh7 35. Rd2 Rfd8 36. Rdb2 Kh6 37. Rd2 Qe7 38. Rdb2 Bd3 39. Re1
Ba6 40. Rd2 Qf7 41. Rc1 Qb3 42. a5 Qa3 43. Rdc2 Bb5 44. Rb2 a6 45. Qe1 Qa4
46. d5 Ne5 47. Bxe5 fxe5 48. Qc3 Re8 49. d6 Qd4 50. Qxd4 exd4 51. Rb4 d3
52. Rd4 Kg7 53. Bf3 Kf6 54. Kg2 Re6 55. Kf2 Ke5 1/2-1/2

[Event "Amber Blindfold"]
[Site "Monaco MNC"]
[Date "2002.03.19"]
[Round "4"]
[White "Shirov,A"]
[Black "Van Wely,L"]
[Result "1-0"]
[WhiteElo "2715"]
[BlackElo "2697"]
[EventDate "2002.03.16"]

1. e4 c5 2. Nf3 d6 3. d4 cxd4 4. Nxd4 Nf6 5. Nc3 a6 6. Be3 e6 7. f3 b5 8.
g4 h6 9. Qd2 Nbd7 10. O-O-O Bb7 11. h4 b4 12. Na4 Qa5 13. b3 Nc5 14. a3 Rc8
15. Qxb4 Qc7 16. Kb1 Nfd7 17. Nb2 d5 18. Qe1 dxe4 19. Bc4 exf3 20. Rf1 Be7
21. Nxf3 O-O 22. g5 h5 23. g6 fxg6 24. Ng5 Bxg5 25. Rxf8+ Rxf8 26. Bxg5 Ne5
27. Bd8 Rxd8 28. Rxd8+ Qxd8 29. Qxe5 Bd5 30. Nd3 Nxd3 31. Bxd3 Kf7 32. Qg3
Qf6 33. Bxa6 e5 34. Bd3 e4 35. Be2 Qe7 36. a4 e3 37. a5 Be4 38. Bc4+ Kf8
39. a6 g5 40. hxg5 g6 41. Qb8+ Qe8 42. a7 Bc6 43. Bb5 1-0

[Event "Amber Blindfold"]
[Site "Monaco MNC"]
[Date "2002.03.19"]
[Round "4"]
[White "Kramnik,V"]
[Black "Leko,P"]
[Result "1/2-1/2"]
[WhiteElo "2809"]
[BlackElo "2713"]
[EventDate "2002.03.16"]

1. d4 Nf6 2. c4 e6 3. Nf3 b6 4. g3 Ba6 5. Qb3 Nc6 6. Nbd2 d5 7. Qa4 Bb7 8.
Bg2 Bd6 9. cxd5 exd5 10. Nc4 dxc4 11. Ne5 Bxe5 12. Bxc6+ Bxc6 13. Qxc6+ Kf8
14. dxe5 Qd5 15. Qxd5 Nxd5 16. Bd2 c5 17. O-O-O Nc7 18. Kc2 Ke7 19. Kc3
Rhd8 20. Bg5+ f6 21. exf6+ gxf6 22. Bf4 Nd5+ 23. Kxc4 Ke6 24. a4 a6 25. e4
Nxf4 26. gxf4 b5+ 27. axb5 axb5+ 28. Kxc5 Rdc8+ 29. Kb4 Rc4+ 30. Kb3 Rxe4
31. Rhe1 Raa4 32. Re3 Rab4+ 33. Kc2 Kf5 34. Rd5+ Kxf4 35. Rxe4+ Kxe4 36.
Rh5 Kf3 37. Rf5+ Rf4 1/2-1/2

[Event "Amber Blindfold"]
[Site "Monaco MNC"]
[Date "2002.03.21"]
[Round "5"]
[White "Leko,P"]
[Black "Topalov,V"]
[Result "1-0"]
[WhiteElo "2713"]
[BlackElo "2739"]
[EventDate "2002.03.16"]

1. e4 c5 2. Nf3 Nc6 3. d4 cxd4 4. Nxd4 Nf6 5. Nc3 e5 6. Ndb5 d6 7. Bg5 a6
8. Na3 b5 9. Nd5 Be7 10. Bxf6 Bxf6 11. c3 Bg5 12. Nc2 O-O 13. a4 bxa4 14.
Rxa4 a5 15. Bc4 Rb8 16. b3 Kh8 17. O-O f5 18. exf5 Bxf5 19. Nce3 Bg6 20.
Bd3 Bf7 21. Be4 Bg8 22. Ra3 Na7 23. Qd3 Bxe3 24. Qxe3 Nb5 25. Ra4 Nc7 26.
Nxc7 Qxc7 27. c4 Rb6 28. Bc2 d5 29. Rxa5 dxc4 30. bxc4 Rc6 31. Qxe5 Rxc4
32. Qxc7 Rxc7 33. Be4 h6 34. f3 Bh7 35. Ra8 Rxa8 36. Bxa8 Rc8 37. Ra1 Rd8
38. Kf2 Bg6 39. Be4 Bxe4 40. fxe4 Rd2+ 41. Kf3 Kg8 42. h4 Kf7 43. h5 Rb2
44. Ra6 Rb1 45. g4 Rf1+ 46. Ke3 Rg1 47. Kf4 Rb1 48. Ra7+ Kf8 49. e5 Rb6 50.
Kf5 Rc6 51. Rd7 Ra6 52. g5 hxg5 53. e6 g4 54. h6 gxh6 55. Kf6 Kg8 56. Rg7+
Kh8 57. Rxg4 Kh7 58. Rg7+ Kh8 59. Rd7 Kg8 60. Rd8+ Kh7 61. Kf7 Ra7+ 62. e7
h5 63. Kf6 Rxe7 64. Kxe7 1-0

[Event "Amber Blindfold"]
[Site "Monaco MNC"]
[Date "2002.03.21"]
[Round "5"]
[White "Ivanchuk,V"]
[Black "Piket,Je"]
[Result "1-0"]
[WhiteElo "2717"]
[BlackElo "2659"]
[EventDate "2002.03.16"]

1. e4 e5 2. Nf3 Nc6 3. Bb5 a6 4. Ba4 Nf6 5. O-O Be7 6. Re1 b5 7. Bb3 d6 8.
c3 O-O 9. h3 Na5 10. Bc2 c5 11. d4 Qc7 12. Nbd2 cxd4 13. cxd4 Rd8 14. a3
Bd7 15. Nf1 Rac8 16. Ne3 Bf8 17. Bd2 exd4 18. Nxd4 Re8 19. Bc3 Qd8 20. Qf3
Nc6 21. Nxc6 Bxc6 22. Nf5 g6 23. Nxd6 Qxd6 24. Rad1 Nd5 25. exd5 Rxe1+ 26.
Bxe1 Bb7 27. Bb4 Qd8 28. Bxf8 Kxf8 29. Be4 Qd6 30. Qe3 Re8 31. Qd4 f6 32.
Bf3 h5 33. b4 Kg7 34. Qc5 Rd8 35. Rc1 Kh6 36. h4 Rd7 37. Re1 a5 38. Re6
Qxc5 39. bxc5 Bxd5 40. Rd6 Rxd6 41. cxd6 Be6 42. Bc6 b4 43. axb4 axb4 44.
d7 Bxd7 45. Bxd7 b3 46. Ba4 b2 47. Bc2 g5 48. Kh2 gxh4 49. f4 1-0

[Event "Amber Blindfold"]
[Site "Monaco MNC"]
[Date "2002.03.21"]
[Round "5"]
[White "Van Wely,L"]
[Black "Ljubojevic,L"]
[Result "1/2-1/2"]
[WhiteElo "2697"]
[BlackElo "2548"]
[EventDate "2002.03.16"]

1. d4 Nf6 2. c4 e6 3. Nf3 b6 4. a3 Bb7 5. Nc3 d5 6. Bg5 Be7 7. Qa4+ Nfd7 8.
Bxe7 Qxe7 9. cxd5 exd5 10. g3 O-O 11. Bg2 c5 12. O-O Rd8 13. Rfd1 Bc6 14.
Qc2 c4 15. b3 b5 16. bxc4 bxc4 17. Nd2 Nf6 18. e4 dxe4 19. Ndxe4 Nxe4 20.
Nxe4 Bd5 21. Re1 Qd7 22. Rad1 Qc6 23. Ng5 g6 24. Bxd5 Rxd5 25. h4 Nd7 26.
Re7 Rf8 27. Ne4 Nf6 28. Rc7 Qb6 29. Nxf6+ Qxf6 30. Qxc4 Rfd8 31. Rxa7 Rxd4
32. Rxd4 Rxd4 33. Ra8+ Kg7 34. Qc5 Qd6 35. Qc8 Rd1+ 36. Kh2 Rd2 37. Qc3+
Qd4 38. Qxd4+ Rxd4 39. Rb8 Rd3 40. a4 Rd4 41. a5 Ra4 42. Ra8 h5 43. a6 Ra3
44. Kg2 Kh7 45. Kf1 Ra2 46. Ke1 Kg7 47. f3 Ra3 48. Ke2 Kh7 49. g4 Ra4 50.
gxh5 gxh5 51. a7 Kg7 52. Kd3 Kh7 53. Kc3 Kg7 54. Kb3 Ra1 55. Kc4 Ra4+ 56.
Kd5 Ra1 57. f4 Ra5+ 58. Kd6 Ra6+ 59. Ke7 Re6+ 60. Kd7 Ra6 61. f5 Ra1 62.
Ke7 Re1+ 63. Kd6 Ra1 64. Ke5 f6+ 65. Kd6 Rd1+ 66. Ke7 Re1+ 67. Kd8 Rd1+ 68.
Ke8 Re1+ 1/2-1/2

[Event "Amber Blindfold"]
[Site "Monaco MNC"]
[Date "2002.03.22"]
[Round "6"]
[White "Almasi,Z"]
[Black "Van Wely,L"]
[Result "1/2-1/2"]
[WhiteElo "2644"]
[BlackElo "2697"]
[EventDate "2002.03.16"]

1. e4 c5 2. Nf3 d6 3. d4 cxd4 4. Nxd4 Nf6 5. Nc3 a6 6. f3 e6 7. Be3 b5 8.
Qd2 Nbd7 9. g4 Nb6 10. Qf2 Nfd7 11. O-O-O Bb7 12. Bd3 Rc8 13. Nce2 Na4 14.
Kb1 Ndc5 15. Bc1 Qc7 16. Ng3 g6 17. f4 e5 18. fxe5 dxe5 19. Nb3 Bg7 20. h4
O-O 21. h5 Rfd8 22. Nxc5 Nxc5 23. Qh2 Bh8 24. hxg6 fxg6 25. Be3 Nxd3 26.
Bb6 Qf7 27. Bxd8 Nb4 28. c4 Rxc4 29. Ba5 Nc6 30. Bb6 Nd4 31. Rdf1 Qd7 32.
Qh6 Ne6 33. Rd1 Qe7 34. Ka1 Rc6 35. Bd8 Qf7 36. Rhf1 Nf4 37. Bg5 Rc8 38.
Bxf4 exf4 39. Qxf4 Qxf4 40. Rxf4 Be5 41. Rf3 Rc2 42. Rd8+ Kg7 43. Rd7+ Kh6
44. Kb1 Rxb2+ 45. Kc1 Rg2 1/2-1/2

[Event "Amber Blindfold"]
[Site "Monaco MNC"]
[Date "2002.03.22"]
[Round "6"]
[White "Topalov,V"]
[Black "Shirov,A"]
[Result "1/2-1/2"]
[WhiteElo "2739"]
[BlackElo "2715"]
[EventDate "2002.03.16"]

1. e4 c5 2. Nf3 Nc6 3. Bb5 e6 4. Bxc6 bxc6 5. d3 Ne7 6. Qe2 Ng6 7. h4 h5 8.
e5 f6 9. Qe4 Kf7 10. Na3 d5 11. exd6 Qxd6 12. Nc4 Qd5 13. Ne3 Qxe4 14. dxe4
e5 15. g3 Be6 16. Nd2 Ne7 17. b3 Nc8 18. Bb2 Nd6 19. f4 exf4 20. gxf4 g6
21. O-O-O Bh6 22. Rhf1 Rhe8 23. e5 fxe5 24. Bxe5 Rad8 25. Nf3 Nf5 26. Nxf5
Bxf5 27. Rxd8 Rxd8 28. Re1 Bg4 29. Ng5+ Bxg5 30. fxg5 Bf5 31. Bf6 Re8 32.
Rxe8 Kxe8 33. c4 Kd7 34. Kb2 a6 35. Bg7 Kc7 36. Bf8 Kb6 37. Be7 Be4 38.
Bd8+ Kb7 39. a4 1/2-1/2

[Event "Amber Blindfold"]
[Site "Monaco MNC"]
[Date "2002.03.23"]
[Round "7"]
[White "Ivanchuk,V"]
[Black "Topalov,V"]
[Result "1/2-1/2"]
[WhiteElo "2717"]
[BlackElo "2739"]
[EventDate "2002.03.16"]

1. Nf3 d5 2. c4 e6 3. b3 Be7 4. Bb2 Bf6 5. Nc3 c5 6. cxd5 exd5 7. d4 cxd4
8. Nxd4 Ne7 9. e3 O-O 10. Bd3 Bxd4 11. exd4 Bf5 12. Be2 Nbc6 13. O-O Re8
14. Qd2 Qd6 15. Nb5 Qd7 16. Ba3 Be6 17. Qf4 Ng6 18. Qg3 Red8 19. Rfd1 Nce7
20. Rac1 Nf5 21. Qc7 a6 22. Qxd7 Bxd7 23. Nc3 Nf4 24. Bf1 Bc6 25. Bc5 Ne6
26. Bb6 Rd7 27. g3 Nd6 28. Bg2 Nb5 29. Na4 Nbc7 30. Nb2 a5 31. Nd3 f6 32.
Re1 Kf7 33. Bh3 Re7 34. Nc5 Nxc5 35. Rxe7+ Kxe7 36. Bxc5+ Kf7 37. Re1 Na6
38. Re7+ Kg6 39. Bf1 Nxc5 40. dxc5 f5 41. f4 Kf6 42. Re5 b6 43. cxb6 Rb8
44. Bg2 Rxb6 45. Bxd5 Bxd5 46. Rxd5 a4 47. Rd3 axb3 48. axb3 h6 49. Kf2 g5
50. Ke3 Rb4 51. fxg5+ hxg5 52. Kd2 f4 53. Kc3 Rb8 54. b4 Kf5 55. gxf4 gxf4
56. Kc4 Rc8+ 57. Kd4 Rd8+ 58. Kc3 Rh8 59. Kd2 Rxh2+ 60. Ke1 Rb2 61. Kf1
1/2-1/2

[Event "Amber Blindfold"]
[Site "Monaco MNC"]
[Date "2002.03.23"]
[Round "7"]
[White "Bareev,E"]
[Black "Kramnik,V"]
[Result "1-0"]
[WhiteElo "2707"]
[BlackElo "2809"]
[EventDate "2002.03.16"]

1. c4 Nf6 2. Nc3 e5 3. Nf3 Nc6 4. g3 Bb4 5. Nd5 Bc5 6. d3 h6 7. Bg2 d6 8.
Nd2 O-O 9. Nxf6+ Qxf6 10. Ne4 Qg6 11. Nxc5 dxc5 12. O-O Rd8 13. Be3 Nd4 14.
a3 a5 15. Bxd4 exd4 16. b3 Re8 17. Re1 Qg5 18. Rb1 c6 19. b4 axb4 20. axb4
cxb4 21. Rxb4 Ra2 22. Bf3 Qa5 23. Rb1 g5 24. Qc1 Qc3 25. Qxc3 dxc3 26. g4
h5 27. h3 hxg4 28. hxg4 f5 29. gxf5 Bxf5 30. Rxb7 Bxd3 31. Rc1 Bc2 32. Bxc6
Rxe2 33. Bd5+ Kf8 34. c5 Rb2 35. c6 Ke8 36. Ra1 1-0

[Event "Amber Blindfold"]
[Site "Monaco MNC"]
[Date "2002.03.23"]
[Round "7"]
[White "Piket,Je"]
[Black "Almasi,Z"]
[Result "1/2-1/2"]
[WhiteElo "2659"]
[BlackElo "2644"]
[EventDate "2002.03.16"]

1. d4 Nf6 2. c4 e6 3. Nf3 b6 4. g3 Bb7 5. Bg2 Be7 6. O-O O-O 7. d5 exd5 8.
Nh4 c6 9. cxd5 Nxd5 10. Nf5 Nc7 11. e4 d5 12. Re1 d4 13. Nxd4 c5 14. Nf5
Nc6 15. e5 Qxd1 16. Rxd1 Rfd8 17. Bd2 Bf8 18. Nc3 Ne6 19. Nb5 Rab8 20. Bc3
a6 21. Nbd6 Ba8 22. a4 g6 23. Ne3 Ncd4 24. Bxa8 Rxa8 25. Ne4 b5 26. axb5
axb5 27. Rxa8 Rxa8 28. Kg2 Rd8 1/2-1/2

[Event "Amber Blindfold"]
[Site "Monaco MNC"]
[Date "2002.03.24"]
[Round "8"]
[White "Almasi,Z"]
[Black "Bareev,E"]
[Result "1-0"]
[WhiteElo "2644"]
[BlackElo "2707"]
[EventDate "2002.03.16"]

1. e4 e6 2. d4 d5 3. Nc3 Nf6 4. Bg5 dxe4 5. Nxe4 Nbd7 6. Nxf6+ Nxf6 7. Nf3
h6 8. Be3 Bd6 9. Qd2 Bd7 10. O-O-O Bc6 11. c4 Bxf3 12. gxf3 c6 13. Kb1 Qe7
14. Rg1 Rg8 15. Bh3 Bxh2 16. Rge1 Bd6 17. Qc2 Qc7 18. Qa4 Kf8 19. Rc1 Qb8
20. Qc2 g5 21. d5 cxd5 22. Bd4 e5 23. Qf5 Rg6 24. Rxe5 Bxe5 25. Bxe5 Qd8
26. Rd1 Qe7 27. cxd5 Rd8 28. d6 Qd7 29. Qxf6 Rxf6 30. Bxd7 Rxf3 31. Bg4
Rxf2 32. d7 f5 33. Bh5 Ke7 34. Bd6+ Ke6 35. Be8 Re2 36. Bc7 Ke7 37. Bxd8+
Kxd8 38. Rc1 Rd2 39. Rc8+ Ke7 40. Bg6 f4 41. Bf5 h5 42. Kc1 Rd4 43. Re8+
Kf6 44. d8=Q+ Rxd8 45. Rxd8 Kxf5 46. Kd2 h4 47. Rd5+ Kg4 48. Ke2 h3 49. Kf2
Kh4 50. Rf5 Kh5 51. Rf6 a5 52. a4 1-0

[Event "Amber Blindfold"]
[Site "Monaco MNC"]
[Date "2002.03.26"]
[Round "9"]
[White "Bareev,E"]
[Black "Gelfand,B"]
[Result "1/2-1/2"]
[WhiteElo "2707"]
[BlackElo "2703"]
[EventDate "2002.03.16"]

1. c4 e6 2. Nf3 d5 3. d4 Nf6 4. g3 Be7 5. Bg2 O-O 6. O-O dxc4 7. Qc2 a6 8.
a4 Bd7 9. Qxc4 Bc6 10. Bg5 Bd5 11. Qc2 Be4 12. Qc1 h6 13. Bxf6 Bxf6 14. Rd1
a5 15. Nbd2 Bxf3 16. Bxf3 c6 17. Nb3 Na6 18. Qc4 Qb6 19. Rac1 Rfd8 20. e3
Be7 21. h4 Qb4 22. Kf1 Rd7 23. Ke2 Rad8 24. Qxb4 Bxb4 25. Be4 Kf8 26. g4
Ke7 27. h5 Ra8 28. f4 Nc7 29. Nc5 Bxc5 30. Rxc5 Nd5 31. Kf3 Rdd8 32. Rg1
Ra6 33. Rg2 Rda8 34. Bc2 Rb6 35. b3 Nb4 36. Bb1 Nd5 37. Bc2 Nb4 38. Bb1
1/2-1/2

[Event "Amber Blindfold"]
[Site "Monaco MNC"]
[Date "2002.03.26"]
[Round "9"]
[White "Shirov,A"]
[Black "Almasi,Z"]
[Result "1/2-1/2"]
[WhiteElo "2715"]
[BlackElo "2644"]
[EventDate "2002.03.16"]

1. e4 e5 2. Nf3 Nc6 3. Bb5 Nf6 4. O-O Nxe4 5. d4 Nd6 6. Bxc6 dxc6 7. dxe5
Nf5 8. Qxd8+ Kxd8 9. Nc3 Ne7 10. h3 Ng6 11. Bg5+ Ke8 12. Rad1 Bd7 13. Nd4
h6 14. Be3 Bb4 15. f4 Bxc3 16. bxc3 c5 17. Ne2 b6 18. Ng3 h5 19. f5 Nxe5
20. Bf4 f6 21. Rfe1 Ba4 1/2-1/2

[Event "Amber Blindfold"]
[Site "Monaco MNC"]
[Date "2002.03.26"]
[Round "9"]
[White "Ljubojevic,L"]
[Black "Leko,P"]
[Result "1/2-1/2"]
[WhiteElo "2548"]
[BlackElo "2713"]
[EventDate "2002.03.16"]

1. d4 Nf6 2. c4 e6 3. Nf3 b6 4. g3 Ba6 5. b3 Bb4+ 6. Bd2 Be7 7. Bg2 c6 8.
Bc3 d5 9. Nbd2 Nbd7 10. O-O O-O 11. a4 c5 12. Qc2 Rc8 13. Qb2 cxd4 14. Nxd4
e5 15. Nc2 d4 16. Bb4 Nc5 17. Rfd1 Qc7 18. a5 b5 19. Qa3 bxc4 20. bxc4 Rfd8
21. Rab1 h6 22. Qa1 Rb8 23. e3 dxe3 24. Nxe3 Nb3 25. Nxb3 Rxd1+ 26. Rxd1
Bxb4 27. Rc1 Be7 28. Nd5 Nxd5 29. cxd5 Qd7 30. Nc5 Bxc5 31. Rxc5 Bd3 32.
Rc1 Qd6 33. h4 Bb5 34. Qc3 a6 35. Qc7 Qxc7 36. Rxc7 Kf8 37. h5 Rd8 38. Be4
Ke8 39. Kg2 Rd7 40. Rc8+ Rd8 41. Rc7 Rd7 42. Rc8+ Rd8 1/2-1/2

[Event "Amber Blindfold"]
[Site "Monaco MNC"]
[Date "2002.03.26"]
[Round "9"]
[White "Ivanchuk,V"]
[Black "Kramnik,V"]
[Result "1-0"]
[WhiteElo "2717"]
[BlackElo "2809"]
[EventDate "2002.03.16"]

1. e4 e5 2. Nf3 Nc6 3. Bb5 a6 4. Ba4 Nf6 5. O-O Be7 6. Bxc6 dxc6 7. d3 Nd7
8. Nbd2 O-O 9. Nc4 f6 10. Nh4 Nc5 11. Nf5 Bxf5 12. exf5 Qd5 13. Qg4 Rfe8
14. Re1 e4 15. Ne3 Qe5 16. Nf1 Bf8 17. Ng3 Rad8 18. h4 Qd4 19. dxe4 Qc4 20.
Be3 Nxe4 21. b3 Qxc2 22. Rec1 Qd3 23. Rd1 Qxd1+ 24. Rxd1 Rxd1+ 25. Qxd1
Nxg3 26. Qd3 Ne4 27. Qc4+ Kh8 28. Qf7 Rd8 29. f3 Nc3 30. Qxc7 Rd1+ 31. Kf2
Kg8 32. Qc8 Rd5 33. Bc5 Rxc5 34. Qe6+ Kh8 35. Qf7 Ne4+ 36. fxe4 Rc2+ 37.
Kf3 Rc3+ 38. Ke2 1-0

[Event "Amber Blindfold"]
[Site "Monaco MNC"]
[Date "2002.03.27"]
[Round "10"]
[White "Leko,P"]
[Black "Shirov,A"]
[Result "1/2-1/2"]
[WhiteElo "2713"]
[BlackElo "2715"]
[EventDate "2002.03.16"]

1. e4 c5 2. Nf3 d6 3. d4 cxd4 4. Nxd4 Nf6 5. Nc3 e6 6. Be3 a6 7. f3 b5 8.
g4 h6 9. Qd2 Bb7 10. h4 Nbd7 11. Rg1 b4 12. Nce2 e5 13. Nf5 d5 14. g5 hxg5
15. hxg5 g6 16. gxf6 gxf5 17. exd5 Nxf6 18. Rg5 Qxd5 19. Rxf5 Qe6 20. Ng3
Rd8 21. Qe2 Be7 22. Rg5 Nd5 23. Nf5 Kf8 24. Nxe7 Nxe3 25. Ng6+ fxg6 26.
Qxe3 Rh1 27. Kf2 Qf6 28. Re1 Rd2+ 29. Re2 Bxf3 30. Rxd2 Be4+ 31. Kg3 Rxf1
32. Rf2 Rg1+ 33. Kh2 Rh1+ 34. Kg3 Rg1+ 1/2-1/2

[Event "Amber Blindfold"]
[Site "Monaco MNC"]
[Date "2002.03.27"]
[Round "10"]
[White "Almasi,Z"]
[Black "Ivanchuk,V"]
[Result "1-0"]
[WhiteElo "2644"]
[BlackElo "2717"]
[EventDate "2002.03.16"]

1. e4 e6 2. d4 d5 3. Nc3 Nf6 4. Bg5 dxe4 5. Nxe4 Nbd7 6. Nxf6+ Nxf6 7. Nf3
h6 8. Be3 a6 9. Ne5 b6 10. c3 Bb7 11. Qa4+ Nd7 12. O-O-O Bd6 13. f4 Qe7 14.
Bd3 Rd8 15. Rhg1 b5 16. Qc2 Bxe5 17. fxe5 c5 18. Be4 Bxe4 19. Qxe4 O-O 20.
g4 cxd4 21. Rxd4 Nc5 22. Qc2 Rxd4 23. Bxd4 Rc8 24. Kb1 Qb7 25. Rd1 Nd7 26.
Qe2 Nf8 27. Rf1 Ng6 28. Qf3 Qxf3 29. Rxf3 Rd8 30. Kc2 Rd5 31. Re3 Ne7 32.
Kd3 Nc6 33. Ke4 Kf8 34. Rd3 Ke8 35. h3 g6 36. Rf3 b4 37. Rf2 a5 38. b3 bxc3
39. Bxc3 Rc5 40. Rf3 g5 41. a3 Rb5 42. Ba1 Ne7 43. Bd4 Nd5 44. Bb2 a4 45.
b4 Nxb4 46. axb4 Rxb4+ 47. Bd4 Kf8 48. Ra3 Kg7 49. Rf3 Rb1 50. Bc5 Re1+ 51.
Re3 Rf1 52. Rf3 Re1+ 53. Kd4 Re2 54. Be7 Rh2 55. Kc4 Rb2 56. Rd3 h5 57.
Bxg5 hxg4 58. hxg4 Rg2 59. Bf6+ Kg6 60. g5 Rg4+ 61. Kb5 Rg1 62. Kxa4 Rb1
63. Rb3 Ra1+ 64. Kb5 Rc1 65. Rb4 Rc8 66. Rh4 Rc2 67. Rh6+ Kf5 68. Rh7 Rc7
69. Kb6 Rd7 70. Rg7 1-0

[Event "Amber Blindfold"]
[Site "Monaco MNC"]
[Date "2002.03.27"]
[Round "10"]
[White "Topalov,V"]
[Black "Piket,Je"]
[Result "0-1"]
[WhiteElo "2739"]
[BlackElo "2659"]
[EventDate "2002.03.16"]

1. c4 g6 2. d4 Bg7 3. e4 d6 4. Nf3 e5 5. Nc3 Bg4 6. d5 a5 7. Be2 Na6 8. O-O
Bxf3 9. Bxf3 Kf8 10. a3 h5 11. Rb1 Bh6 12. b4 Nf6 13. Bxh6+ Rxh6 14. Na4
axb4 15. axb4 Kg7 16. c5 Rh8 17. c6 bxc6 18. dxc6 Qe7 19. b5 Nc5 20. Nxc5
dxc5 21. Qc2 Rhd8 22. Rfc1 Rd6 23. h4 Ra3 24. Rb3 Rxb3 25. Qxb3 Rd4 26. b6
Rb4 27. bxc7 Qxc7 28. Qc3 Nxe4 29. Bxe4 Rxe4 30. Qxc5 Rxh4 31. Rd1 Ra4 32.
g3 Ra5 33. Qc4 Ra7 34. Rd7 Qxd7 35. cxd7 Rxd7 36. Qc5 f6 37. Qc6 Ra7 38.
Qe6 Rf7 39. f4 exf4 40. gxf4 Ra7 41. f5 gxf5 42. Qxf5 Re7 43. Qxh5 Re5 44.
Qh4 Rg5+ 45. Kf2 Re5 46. Kf3 Rf5+ 47. Ke4 Re5+ 48. Kf4 Rg5 49. Qh3 Re5 50.
Qc8 Rg5 51. Qd7+ Kg6 52. Qe8+ Kg7 53. Qe7+ Kg6 54. Qf8 Rf5+ 55. Ke4 Re5+
56. Kd4 Rg5 57. Qg8+ Kh6 58. Qf7 Rf5 59. Ke4 Re5+ 60. Kd4 Rf5 61. Qf8+ Kg6
62. Qg8+ Kh6 63. Qf7 Rf4+ 64. Kd5 Rf5+ 65. Kd6 Rg5 66. Qg7+ Rxg7 0-1

[Event "Amber Blindfold"]
[Site "Monaco MNC"]
[Date "2002.03.28"]
[Round "11"]
[White "Bareev,E"]
[Black "Topalov,V"]
[Result "1/2-1/2"]
[WhiteElo "2707"]
[BlackElo "2739"]
[EventDate "2002.03.16"]

1. c4 e5 2. g3 Nf6 3. Bg2 d5 4. cxd5 Nxd5 5. Nc3 Nb6 6. Nf3 Nc6 7. O-O Be7
8. b3 O-O 9. Bb2 Bg4 10. Rc1 Qd7 11. d3 Rad8 12. Ne4 f6 13. Qc2 Kh8 14. a3
a5 15. Rfd1 Qe6 16. Re1 Qf7 17. Nfd2 Nd7 18. Qc4 Be6 19. Qb5 f5 20. Qxb7
fxe4 21. Qxc6 Bd5 22. Qxc7 Bg5 23. Nxe4 Bxc1 24. Qxc1 Bxe4 25. Bxe4 Qxf2+
26. Kh1 Nc5 27. Bxe5 Nxe4 28. dxe4 Rfe8 29. Rf1 Qxe2 30. Bxg7+ Kxg7 1/2-1/2